[Event "01.Casino-Senioren-Open 2005"]
[Site "Seefeld/Tirol (19.09.-25.09)"]
[Date "2005.09.25"]
[Round "7.3"]
[White "Engler, Gunter"]
[Black "Xander, Karl"]
[Result "1/2-1/2"]
[WhiteElo "1766"]
[BlackElo "1841"]
[PlyCount "132"]
[EventDate "2005.09.??"]
[Source "Chess-Org"]
[SourceDate "2005.10.01"]

1. d4 Nf6 2. Nf3 b6 3. g3 Bb7 4. Bg2 e6 5. Bg5 Be7 6. O-O O-O 7. c3 d6 8. Nbd2
Nbd7 9. e3 h6 10. Bxf6 Nxf6 11. Qc2 Rc8 12. Rfe1 c5 13. Nh4 Qc7 14. Bxb7 Qxb7
15. Ng2 b5 16. dxc5 dxc5 17. a3 Rfd8 18. Rad1 c4 19. Nf1 Ng4 20. Rxd8+ Bxd8 21.
Rd1 Ne5 22. Ne1 Bf6 23. Qe2 a5 24. f4 Nd7 25. Qf3 Qxf3 26. Nxf3 Nc5 27. Ne1 Kf8
28. Kg2 Rd8 29. Rb1 e5 30. fxe5 Bxe5 31. Nf3 Bf6 32. N1d2 Re8 33. Kf2 Nd3+ 34.
Ke2 h5 35. a4 Ne5 36. Nxe5 Rxe5 37. axb5 Rxb5 38. Nxc4 Bxc3 39. Kd3 Bf6 40. b3
Ke7 41. Na3 Rb7 42. Nc2 Kd6 43. Kc4 Rc7+ 44. Kd3 Rc3+ 45. Kd2 Kd5 46. Rb2 Ke4
47. Ra2 Rxb3 48. Ra4+ Kf3 49. Nd4+ Bxd4 50. exd4 Rb5 51. Kd3 Kg2 52. Ra2+ Kh3
53. Kc4 Rg5 54. d5 Rg6 55. Kc5 Rh6 56. d6 Rh8 57. d7 h4 58. gxh4 Kxh4 59. Kd6
Kh3 60. Kc7 g5 61. d8=Q Rxd8 62. Kxd8 g4 63. Ke7 f5 64. Ke6 f4 65. Ke5 g3 66.
hxg3 fxg3 1/2-1/2

[Event "01.Casino-Senioren-Open 2005"]
[Site "Seefeld/Tirol (19.09.-25.09)"]
[Date "2005.09.25"]
[Round "7.6"]
[White "Michalowski, Richard"]
[Black "Ruf, Karl"]
[Result "0-1"]
[WhiteElo "1621"]
[BlackElo "1644"]
[PlyCount "76"]
[EventDate "2005.09.??"]
[Source "Chess-Org"]
[SourceDate "2005.10.01"]

1. c4 c5 2. Nc3 Nc6 3. g3 g6 4. Bg2 Bg7 5. Nf3 Nf6 6. O-O O-O 7. e3 Rb8 8. h3
a6 9. d4 cxd4 10. exd4 e6 11. Bf4 d6 12. c5 Ne8 13. Ne4 d5 14. Nd6 Ra8 15. Re1
Nf6 16. g4 h6 17. Bh2 g5 18. Rc1 Kh8 19. a3 Ne8 20. Ne5 Nxd6 21. cxd6 Nxe5 22.
dxe5 f6 23. exf6 Qxf6 24. Re2 Rf7 25. Rc3 Qd8 26. Rcc2 b5 27. Qc1 Bf8 28. Be5+
Kg8 29. Rc7 Bxd6 30. Rxf7 Kxf7 31. Qc2 Bxe5 32. Rxe5 Kg7 33. Qc3 Kf7 34. Qf3+
Qf6 35. Re2 Qxf3 36. Bxf3 Bb7 37. Rc2 Rc8 38. Rd2 Rc1+ 0-1

[Event "01.Casino-Senioren-Open 2005"]
[Site "Seefeld/Tirol (19.09.-25.09)"]
[Date "2005.09.25"]
[Round "7.7"]
[White "Papworth, Dennis"]
[Black "Westermayer, Johann"]
[Result "1/2-1/2"]
[WhiteElo "1827"]
[BlackElo "1631"]
[PlyCount "32"]
[EventDate "2005.09.??"]
[Source "Chess-Org"]
[SourceDate "2005.10.01"]

1. d4 Nf6 2. Nc3 d5 3. e4 e6 4. Bb5+ c6 5. Bd3 Nxe4 6. Nxe4 dxe4 7. Bxe4 Nd7 8.
c3 Nf6 9. Bd3 c5 10. Ne2 Bd7 11. O-O Rc8 12. f4 Be7 13. Ng3 cxd4 14. cxd4 Qb6
15. Bb1 Rc4 16. Kh1 Qxd4 1/2-1/2

[Event "01.Casino-Senioren-Open 2005"]
[Site "Seefeld/Tirol (19.09.-25.09)"]
[Date "2005.09.25"]
[Round "7.8"]
[White "Bullock, Alfred"]
[Black "Schuller, Erhard"]
[Result "1/2-1/2"]
[WhiteElo "1596"]
[BlackElo "1634"]
[PlyCount "51"]
[EventDate "2005.09.??"]
[Source "Chess-Org"]
[SourceDate "2005.10.01"]

1. c4 c5 2. Nc3 Nc6 3. Nf3 e6 4. e3 g6 5. d4 cxd4 6. exd4 Bg7 7. Be3 Nf6 8. Be2
O-O 9. Qd2 d5 10. O-O dxc4 11. Bxc4 a6 12. a4 Nd5 13. Nxd5 exd5 14. Be2 Be6 15.
b4 f6 16. Rfc1 Rf7 17. Rc2 Bf8 18. Rb2 Bd6 19. Bf4 Bxf4 20. Qxf4 Qb6 21. Qd2
Qd8 22. b5 axb5 23. Rxb5 Ra7 24. a5 Rc7 25. Rb6 Qe7 26. Ne1 1/2-1/2

[Event "01.Casino-Senioren-Open 2005"]
[Site "Seefeld/Tirol (19.09.-25.09)"]
[Date "2005.09.25"]
[Round "7.9"]
[White "Bretscher, Robert"]
[Black "Wegener, Wilfried"]
[Result "1/2-1/2"]
[WhiteElo "1536"]
[BlackElo "1639"]
[PlyCount "83"]
[EventDate "2005.09.??"]
[Source "Chess-Org"]
[SourceDate "2005.10.01"]

1. e4 c6 2. Nf3 d5 3. exd5 cxd5 4. d4 Nc6 5. c3 Nf6 6. Bb5 e6 7. O-O Bd7 8. Re1
Be7 9. Nbd2 O-O 10. Nf1 a6 11. Bd3 Rc8 12. Ng3 Bd6 13. Bg5 h6 14. Bd2 Re8 15.
Ne5 Qc7 16. Nxd7 Qxd7 17. Nh5 Be7 18. Re3 Nxh5 19. Qxh5 Bg5 20. Re2 Bxd2 21.
Rxd2 Qe7 22. Re1 Qg5 23. Qxg5 hxg5 24. Re3 g6 25. Rde2 Kg7 26. Kf1 Rc7 27. Bc2
b5 28. Bb3 Rec8 29. a3 a5 30. Rd2 a4 31. Bd1 Na5 32. Be2 Nc4 33. Bxc4 Rxc4 34.
Ke2 R4c6 35. Kf3 f6 36. Rde2 Kf7 37. Kg4 Rh8 38. h3 Re8 39. Rf3 Kg7 40. Rd3 Rc4
41. Kf3 Kf7 42. Kg3 1/2-1/2